[Event "New Zealand Championship 2023"]
[Site "Wellington"]
[Date "2023.01.05"]
[Round "4.14"]
[White "Ha, Timothy Huy Minh"]
[Black "Archer, Ollie"]
[Result "0-1"]
[WhiteElo "1812"]
[BlackElo "2151"]

1. d4 {[%clk 01:30:57] [%emt 00:00:03]} 1... d5 {[%clk 01:30:54] [%emt
00:00:06]} 2. c4 {[%clk 01:31:12] [%emt 00:00:15]} 2... e6 {[%clk 01:31:19]
[%emt 00:00:05]} 3. Nf3 {[%clk 01:31:36] [%emt 00:00:06]} 3... Nf6 {[%clk
01:31:43] [%emt 00:00:06]} 4. Nc3 {[%clk 01:31:40] [%emt 00:00:27]} 4... Bb4
{[%clk 01:32:06] [%emt 00:00:07]} 5. Bg5 {[%clk 01:30:02] [%emt 00:02:08]} 5...
Nbd7 {[%clk 01:32:26] [%emt 00:00:10]} 6. cxd5 {[%clk 01:25:40] [%emt
00:04:52]} 6... exd5 {[%clk 01:32:48] [%emt 00:00:08]} 7. e3 {[%clk 01:25:53]
[%emt 00:00:17]} 7... c5 {[%clk 01:33:11] [%emt 00:00:07]} 8. a3 {[%clk
01:20:25] [%emt 00:05:58]} 8... Bxc3+ {[%clk 01:33:33] [%emt 00:00:08]} 9. bxc3
{[%clk 01:20:49] [%emt 00:00:06]} 9... Qa5 {[%clk 01:33:50] [%emt 00:00:13]}
10. Qb3 {[%clk 01:14:54] [%emt 00:06:25]} 10... Ne4 {[%clk 01:30:46] [%emt
00:03:34]} 11. Rc1 {[%clk 01:14:15] [%emt 00:01:06]} 11... c4 {[%clk 01:30:08]
[%emt 00:01:10]} 12. Qb4 {[%clk 01:10:00] [%emt 00:04:46]} 12... Qxb4 {[%clk
01:30:31] [%emt 00:00:07]} 13. axb4 {[%clk 01:10:27] [%emt 00:00:03]} 13... Nb6
{[%clk 01:30:52] [%emt 00:00:09]} 14. Bf4 {[%clk 01:05:04] [%emt 00:05:52]}
14... Na4 {[%clk 01:31:10] [%emt 00:00:12]} 15. Nd2 {[%clk 01:05:09] [%emt
00:00:24]} 15... Naxc3 {[%clk 01:29:56] [%emt 00:01:45]} 16. Nxe4 {[%clk
01:01:38] [%emt 00:04:01]} 16... Nxe4 {[%clk 01:30:18] [%emt 00:00:08]} 17. f3
{[%clk 01:01:52] [%emt 00:00:16]} 17... Nf6 {[%clk 01:30:39] [%emt 00:00:09]}
18. Be2 {[%clk 01:01:26] [%emt 00:00:56]} 18... b5 {[%clk 01:30:32] [%emt
00:00:37]} 19. Ra1 {[%clk 01:00:22] [%emt 00:01:33]} 19... Kd7 {[%clk 01:28:13]
[%emt 00:02:49]} 20. Kd2 {[%clk 00:59:06] [%emt 00:01:46]} 20... Kc6 {[%clk
01:27:47] [%emt 00:00:57]} 21. Ra3 {[%clk 00:58:44] [%emt 00:00:53]} 21... Ng8
{[%clk 01:21:35] [%emt 00:06:41]} 22. Rha1 {[%clk 00:57:16] [%emt 00:01:57]}
22... a6 {[%clk 01:21:57] [%emt 00:00:08]} 23. e4 {[%clk 00:54:39] [%emt
00:03:07]} 23... Ne7 {[%clk 01:22:16] [%emt 00:00:11]} 24. g4 {[%clk 00:53:45]
[%emt 00:01:24]} 24... Rd8 {[%clk 01:21:51] [%emt 00:00:56]} 25. Be3 {[%clk
00:52:54] [%emt 00:01:21]} 25... Kb6 {[%clk 01:21:53] [%emt 00:00:28]} 26. e5
{[%clk 00:49:35] [%emt 00:03:48]} 26... Nc6 {[%clk 01:22:03] [%emt 00:00:20]}
27. Kc3 {[%clk 00:43:26] [%emt 00:06:39]} 27... g6 {[%clk 01:20:17] [%emt
00:02:16]} 28. f4 {[%clk 00:41:35] [%emt 00:02:20]} 28... a5 {[%clk 01:19:54]
[%emt 00:00:54]} 29. bxa5+ {[%clk 00:40:28] [%emt 00:01:37]} 29... Rxa5 {[%clk
01:20:17] [%emt 00:00:07]} 30. Rxa5 {[%clk 00:37:27] [%emt 00:03:31]} 30... b4+
{[%clk 01:20:42] [%emt 00:00:05]} 31. Kb2 {[%clk 00:36:26] [%emt 00:01:31]}
31... Nxa5 {[%clk 01:21:03] [%emt 00:00:09]} 32. Bf3 {[%clk 00:34:29] [%emt
00:02:29]} 32... h5 {[%clk 01:20:25] [%emt 00:01:06]} 33. h3 {[%clk 00:23:05]
[%emt 00:11:54]} 33... hxg4 {[%clk 01:20:48] [%emt 00:00:07]} 34. hxg4 {[%clk
00:23:29] [%emt 00:00:06]} 34... Rh8 {[%clk 01:21:12] [%emt 00:00:06]} 35. Rh1
{[%clk 00:23:55] [%emt 00:00:04]} 35... Rxh1 {[%clk 01:21:34] [%emt 00:00:08]}
36. Bxh1 {[%clk 00:24:22] [%emt 00:00:02]} 36... Bxg4 {[%clk 01:21:54] [%emt
00:00:10]} 37. Bxd5 {[%clk 00:24:45] [%emt 00:00:07]} 37... c3+ {[%clk
01:20:34] [%emt 00:01:51]} 38. Ka2 {[%clk 00:20:59] [%emt 00:04:16]} 38... Bd1
{[%clk 01:20:55] [%emt 00:00:09]} 39. Bxf7 {[%clk 00:17:18] [%emt 00:04:11]}
39... b3+ {[%clk 01:21:20] [%emt 00:00:05]} 40. Ka3 {[%clk 00:35:04] [%emt
00:12:44]} 40... b2 {[%clk 01:50:56] [%emt 00:00:53]} 41. d5+ {[%clk 00:34:40]
[%emt 00:00:54]} 41... Kc7 {[%clk 01:50:49] [%emt 00:00:38]} 42. d6+ {[%clk
00:34:51] [%emt 00:00:19]} 42... Kd7 {[%clk 01:51:11] [%emt 00:00:08]} 43. Bxg6
{[%clk 00:25:15] [%emt 00:10:05]} 43... Nc4+ {[%clk 01:51:27] [%emt 00:00:15]}
44. Kb4 {[%clk 00:25:34] [%emt 00:00:12]} 44... c2 {[%clk 01:51:43] [%emt
00:00:13]} 45. Bf5+ {[%clk 00:18:46] [%emt 00:07:18]} 45... Kd8 {[%clk
01:52:03] [%emt 00:00:10]} 46. Bxc2 {[%clk 00:15:00] [%emt 00:04:16]} 46...
Bxc2 {[%clk 01:52:23] [%emt 00:00:10]} 47. Kxc4 {[%clk 00:15:25] [%emt
00:00:04]} 47... b1=Q {[%clk 01:52:40] [%emt 00:00:13]} 48. Bd4 {[%clk
00:14:23] [%emt 00:01:33]} 48... Qf1+ {[%clk 01:52:50] [%emt 00:00:20]} 49. Kc5
{[%clk 00:14:37] [%emt 00:00:16]} 49... Qxf4 {[%clk 01:53:10] [%emt 00:00:10]}
50. Bc3 {[%clk 00:13:56] [%emt 00:01:11]} 50... Kd7 {[%clk 01:53:30] [%emt
00:00:11]} 51. Bd4 {[%clk 00:13:28] [%emt 00:00:57]} 51... Bb3 {[%clk 01:53:43]
[%emt 00:00:17]} 52. Bb2 {[%clk 00:12:38] [%emt 00:01:20]} 52... Qc4+ {[%clk
01:53:57] [%emt 00:00:16]} 53. Kb6 {[%clk 00:13:01] [%emt 00:00:07]} 53... Qb4+
{[%clk 01:54:21] [%emt 00:00:05]} 54. Ka7 {[%clk 00:13:11] [%emt 00:00:20]}
54... Bd5 {[%clk 01:54:46] [%emt 00:00:05]} 55. e6+ {[%clk 00:12:46] [%emt
00:00:56]} 55... Kxe6 {[%clk 01:55:10] [%emt 00:00:06]} 56. Ka6 {[%clk
00:13:08] [%emt 00:00:08]} 56... Qxb2 {[%clk 01:55:32] [%emt 00:00:07]} 0-1

[Event "New Zealand Championship 2023"]
[Site "Wellington"]
[Date "2023.01.05"]
[Round "4.15"]
[White "Metge, J Nigel"]
[Black "Park-Tamati, Philli"]
[Result "0-1"]
[WhiteElo "2146"]
[BlackElo "2065"]

1. d4 {[%clk 01:30:56] [%emt 00:00:03]} 1... Nf6 {[%clk 01:30:53] [%emt
00:00:07]} 2. c4 {[%clk 01:31:16] [%emt 00:00:10]} 2... e6 {[%clk 01:31:20]
[%emt 00:00:04]} 3. Nc3 {[%clk 01:31:38] [%emt 00:00:07]} 3... Bb4 {[%clk
01:31:45] [%emt 00:00:05]} 4. e3 {[%clk 01:32:00] [%emt 00:00:08]} 4... c5
{[%clk 01:31:19] [%emt 00:00:57]} 5. Bd3 {[%clk 01:32:11] [%emt 00:00:18]} 5...
Nc6 {[%clk 01:28:50] [%emt 00:03:00]} 6. Nf3 {[%clk 01:31:51] [%emt 00:00:49]}
6... Bxc3+ {[%clk 01:28:03] [%emt 00:01:17]} 7. bxc3 {[%clk 01:32:19] [%emt
00:00:02]} 7... d6 {[%clk 01:26:24] [%emt 00:02:09]} 8. O-O {[%clk 01:29:31]
[%emt 00:03:17]} 8... e5 {[%clk 01:20:25] [%emt 00:06:29]} 9. d5 {[%clk
01:25:14] [%emt 00:04:46]} 9... Na5 {[%clk 01:19:51] [%emt 00:01:05]} 10. Qc2
{[%clk 01:20:35] [%emt 00:05:09]} 10... O-O {[%clk 01:19:11] [%emt 00:01:10]}
11. e4 {[%emt 00:17:45]} 11... Nxe4 {[%clk 00:51:58] [%emt 00:25:40]} 12. Bxe4
{[%clk 01:05:26] [%emt 00:00:27]} 12... f5 {[%clk 00:52:20] [%emt 00:00:08]}
13. Bg5 {[%clk 00:54:43] [%emt 00:11:12]} 13... Qe8 {[%clk 00:49:59] [%emt
00:02:51]} 14. Bd3 {[%clk 00:54:52] [%emt 00:00:20]} 14... e4 {[%clk 00:49:44]
[%emt 00:00:46]} 15. Rfe1 {[%clk 00:54:36] [%emt 00:00:46]} 15... Qg6 {[%clk
00:34:42] [%emt 00:15:33]} 16. Be7 {[%clk 00:36:39] [%emt 00:18:27]} 16... exf3
{[%clk 00:24:52] [%emt 00:10:20]} 17. Bf1 {[%clk 00:36:56] [%emt 00:00:12]}
17... fxg2 {[%clk 00:23:53] [%emt 00:01:30]} 18. Bxg2 {[%clk 00:36:54] [%emt
00:00:31]} 18... Re8 {[%clk 00:22:30] [%emt 00:01:53]} 19. Qa4 {[%clk 00:32:55]
[%emt 00:04:30]} 19... f4 {[%clk 00:17:15] [%emt 00:05:45]} 20. Kh1 {[%clk
00:32:54] [%emt 00:00:31]} 20... b6 {[%clk 00:17:10] [%emt 00:00:36]} 21. Bxd6
{[%clk 00:29:26] [%emt 00:03:57]} 21... Rxe1+ {[%clk 00:16:38] [%emt 00:01:03]}
22. Rxe1 {[%clk 00:29:54] [%emt 00:00:02]} 22... Qxd6 {[%clk 00:16:51] [%emt
00:00:17]} 23. Qe8+ {[%clk 00:29:52] [%emt 00:00:31]} 23... Qf8 {[%clk
00:17:10] [%emt 00:00:11]} 24. d6 {[%clk 00:30:04] [%emt 00:00:17]} 24... Bb7
{[%clk 00:15:22] [%emt 00:02:19]} 25. d7 {[%clk 00:29:17] [%emt 00:01:16]}
25... f3 {[%clk 00:09:14] [%emt 00:06:39]} 26. Bh3 {[%clk 00:28:27] [%emt
00:01:20]} 26... Bc6 {[%clk 00:07:14] [%emt 00:02:30]} 27. Be6+ {[%clk
00:10:58] [%emt 00:17:58]} 27... Kh8 {[%clk 00:07:37] [%emt 00:00:07]} 28. Bf7
{[%clk 00:10:40] [%emt 00:00:48]} 28... Rxe8 {[%clk 00:03:05] [%emt 00:05:02]}
29. dxe8=Q {[%clk 00:10:37] [%emt 00:00:33]} 29... Bxe8 {[%clk 00:03:16] [%emt
00:00:19]} 30. Rxe8 {[%emt 00:00:20]} 30... Qxe8 {[%clk 00:03:33] [%emt
00:00:09]} 31. Bxe8 {[%clk 00:11:11] [%emt 00:00:09]} 31... Nxc4 {[%clk
00:03:50] [%emt 00:00:13]} 32. h3 {[%clk 00:09:56] [%emt 00:01:45]} 32... g5
{[%clk 00:03:30] [%emt 00:00:52]} 33. Kh2 {[%clk 00:10:10] [%emt 00:00:16]}
33... Kg7 {[%clk 00:02:50] [%emt 00:01:10]} 34. Kg3 {[%clk 00:10:32] [%emt
00:00:07]} 34... Ne5 {[%clk 00:03:14] [%emt 00:00:06]} 35. Ba4 {[%clk 00:05:12]
[%emt 00:05:50]} 35... Kf6 {[%clk 00:02:33] [%emt 00:01:12]} 36. Bc2 {[%clk
00:05:32] [%emt 00:00:10]} 36... h6 {[%clk 00:02:53] [%emt 00:00:10]} 37. Be4
{[%clk 00:05:51] [%emt 00:00:11]} 37... b5 {[%clk 00:03:05] [%emt 00:00:19]}
38. h4 {[%clk 00:04:21] [%emt 00:01:59]} 38... a5 {[%clk 00:02:48] [%emt
00:00:48]} 39. h5 {[%clk 00:03:32] [%emt 00:01:19]} 39... b4 {[%clk 00:01:58]
[%emt 00:01:21]} 40. c4 {[%clk 00:33:37] [%emt 00:00:24]} 40... Ke6 {[%clk
00:31:48] [%emt 00:00:40]} 41. Bd5+ {[%clk 00:33:57] [%emt 00:00:10]} 41... Kf5
{[%clk 00:31:36] [%emt 00:00:42]} 0-1

[Event "New Zealand Championship 2023"]
[Site "Wellington"]
[Date "2023.01.05"]
[Round "4.16"]
[White "Sole, Michael D"]
[Black "Tanoi, T Edward"]
[Result "1-0"]
[WhiteElo "2142"]
[BlackElo "1993"]

1. e4 c5 2. Nf3 Nc6 3. d4 cxd4 4. Nxd4 e5 5. Nb5 d6 6. c4 Be6 7. N1c3 a6 8. Na3
g6 9. Nc2 Bg7 10. Bd3 Nf6 11. Nd5 O-O 12. Bg5 Bxd5 13. cxd5 Nd4 14. O-O Qb6 15.
Qd2 Nxc2 16. Qxc2 Rac8 17. Qd2 Nd7 18. Be3 Qd8 19. b4 f5 20. f3 Qh4 21. Rfc1
fxe4 22. Bg5 e3 23. Qxe3 Qxb4 24. Qe2 e4 25. Qxe4 Qxe4 26. Bxe4 Bd4+ 27. Kf1
Bxa1 28. Rxa1 Nc5 29. Bc2 Rce8 30. Rb1 Re5 31. Bh6 Rfe8 32. Rd1 Re2 33. Bb1 Na4
34. Rc1 Rb2 35. Bf4 Ree2 36. Bxd6 Rf2+ 37. Kg1 Rxg2+ 38. Kh1 Rgd2 39. Be5 Rxb1
40. Rxb1 Rxd5 41. f4 Kf7 42. Rxb7+ Ke6 43. Kg2 h5 44. Rg7 Rd2+ 45. Kf3 Rxh2 46.
Rxg6+ Kd5 47. Rxa6 Rxa2 48. Ra5+ Ke6 49. Ra6+ Kd5 50. Ra5+ Ke6 51. Kg3 Kf5 52.
Bc7+ Kg6 53. Rg5+ Kf7 54. Rxh5 Nc3 55. Kg4 Ne4 56. Rh4 Nf6+ 57. Kf5 Ra7 58. Be5
Ra5 59. Rh6 Nd5 60. Rh7+ Kg8 61. Rg7+ Kf8 62. Rb7 Ra6 63. Rb8+ Kf7 64. Rb7+ Kf8
65. Kg5 Ra2 66. Bb2 Ne3 67. Kg6 Nd5 68. Kg5 Ra5 69. Bg7+ Ke8 70. Be5 Ra2 71.
Kf5 Ra6 72. Rb8+ Ke7 73. Rb7+ Ke8 74. Rh7 Ne7+ 75. Kg4 Rg6+ 76. Kf3 Nf5 77. Ke4
Ng3+ 78. Kd5 Nf5 79. Rh5 Ng3 80. Rh8+ Kf7 81. Bd6 Kg7 82. Re8 Nf5 83. Be5+ Kf7
84. Rh8 Ne7+ 85. Ke4 Ra6 86. Rh7+ Ke8 87. Rh5 Ra4+ 88. Kf3 Ra3+ 89. Kg4 Ra2 90.
f5 Ra5 91. Kf4 Ra4+ 92. Kg5 Ra5 93. Kf6 Ra6+ 94. Kg7 Ra7 95. Rh8+ Kd7 96. f6
Ra5 97. f7 Rxe5 98. f8=Q Nf5+ 99. Kf6 Ne7 100. Qd8+ 1-0

[Event "New Zealand Championship 2023"]
[Site "Wellington"]
[Date "2023.01.05"]
[Round "4.17"]
[White "Vanheirzeele, Daniel"]
[Black "Zhang, Kendrick Botong"]
[Result "1-0"]
[WhiteElo "2056"]
[BlackElo "2071"]

1. d4 Nf6 2. Nf3 g6 3. c4 Bg7 4. Nc3 d5 5. Qb3 dxc4 6. Qxc4 O-O 7. e4 a6 8. e5
b5 9. Qb3 Nfd7 10. e6 fxe6 11. Be3 Nf6 12. O-O-O Nd5 13. h4 Nxe3 14. fxe3 Bh6
15. Kb1 Qd6 16. h5 g5 17. Bd3 Nc6 18. Qc2 Rf7 19. Bxh7+ Rxh7 20. Qg6+ Kh8 21.
Qe8+ Kg7 22. Ne5 Nd8 23. Rhf1 Bb7 24. Qf8# 1-0

[Event "New Zealand Championship 2023"]
[Site "Wellington"]
[Date "2023.01.05"]
[Round "4.18"]
[White "Van der Hoorn, Thomas"]
[Black "Liu, William Rui"]
[Result "0-1"]
[WhiteElo "2068"]
[BlackElo "1908"]

1. e4 c5 2. Nf3 Nc6 3. d4 cxd4 4. Nxd4 g6 5. Nc3 Bg7 6. Be3 Nf6 7. Bc4 Qa5 8.
O-O O-O 9. Bb3 d6 10. h3 Bd7 11. f4 Nxd4 12. Bxd4 Bc6 13. Nd5 Bxd5 14. exd5 Nd7
15. Bxg7 Kxg7 16. Qd4+ Kg8 17. Rae1 Rfe8 18. Re3 Qb6 19. Qxb6 Nxb6 20. Rfe1 Kf8
21. g4 a5 22. a4 Rac8 23. c3 Rc5 24. Rd1 Rec8 25. Rd4 R8c7 26. Kg2 Nd7 27. g5
b5 28. Red3 Nb6 29. Kf3 Rb7 30. Rd2 bxa4 31. Ba2 Rbc7 32. Ke4 a3 33. bxa3 Rxc3
34. R4d3 Nd7 35. Kd4 Rc1 36. Rf3 a4 37. Rb2 Nc5 38. Ke3 Rc3+ 39. Ke2 Ne4 40.
Bb1 Ng3+ 41. Kf2 Rxf3+ 42. Kxf3 Rc3+ 43. Kg4 Rxa3 44. Rb8+ Kg7 45. h4 Nh5 0-1

[Event "New Zealand Championship 2023"]
[Site "Wellington"]
[Date "2023.01.05"]
[Round "4.19"]
[White "Qin, Oscar Shu Xuan"]
[Black "McDougall, Euan"]
[Result "0-1"]
[WhiteElo "1964"]
[BlackElo "1995"]

1. e4 c5 2. Nf3 Nc6 3. d4 cxd4 4. Nxd4 e6 5. Nc3 a6 6. Nxc6 bxc6 7. Bd3 d5 8.
O-O Bd6 9. Qe2 Ne7 10. f4 h5 11. f5 exf5 12. exd5 cxd5 13. Bxf5 Bb7 14. Kh1 Kf8
15. Be6 f6 16. Bf4 Qc7 17. Bxd6 Qxd6 18. Bf5 Kf7 19. Rad1 g6 20. Bd3 f5 21. Qd2
Qc6 22. Ne2 Rad8 23. Nd4 Qf6 24. c3 Kg7 25. Rde1 Bc8 26. Qf4 Rhe8 27. Re2 Qd6
28. Qg5 Qf6 29. Qg3 Qd6 30. Qe1 Kf7 31. Qd2 Ng8 32. Rfe1 Rxe2 33. Nxe2 Nf6 34.
Rd1 Ng4 35. Ng3 h4 36. Bc4 Be6 37. h3 hxg3 38. hxg4 Rh8+ 39. Kg1 Qc5+ 40. Qd4
Qxd4+ 41. cxd4 dxc4 42. d5 Bd7 43. Rd4 Re8 44. Kf1 Bb5 45. Rd1 c3+ 46. Kg1 cxb2
0-1

[Event "New Zealand Championship 2023"]
[Site "Wellington"]
[Date "2023.01.05"]
[Round "4.20"]
[White "Wang, Justin Zhide"]
[Black "Masters, Andrew D"]
[Result "0-1"]
[WhiteElo "1875"]
[BlackElo "1946"]

1. d4 d5 2. Nf3 Nf6 3. Bf4 Bg4 4. h3 Bxf3 5. exf3 e6 6. c3 Bd6 7. Bxd6 Qxd6 8.
Qb3 b6 9. Nd2 O-O 10. Be2 Nbd7 11. O-O c5 12. Bb5 a6 13. Bxd7 Nxd7 14. Rfe1 Qf4
15. Rad1 cxd4 { } 16. Qb4 Rfc8 17. g3 Qh6 18. Qxd4 Qxh3 19. c4 Qf5 20. cxd5
Qxd5 21. Qxd5 exd5 22. Nb3 Nf6 23. Nd4 g6 24. Kf1 Kf8 25. Re2 Rc7 26. Ke1 Re8
27. Rxe8+ Kxe8 28. Kd2 Kd7 29. Kd3 Kd6 30. Re1 Nd7 31. b3 Ne5+ 32. Kd2 Nc6 33.
Nxc6 Kxc6 34. Kd3 Kd6 35. Rh1 f6 36. Re1 {=} 36... f5 37. f4 a5 38. Rb1 d4 39.
Kxd4 Rc2 40. Rf1 Rxa2 41. Kc3 Kc5 42. Kd3 Kb4 43. Kd4 Kxb3 44. f3 Rd2+ 45. Ke3
Rd6 46. g4 a4 47. Rb1+ Kc2 48. Ra1 b5 49. Kf2 Kb2 50. Rh1 a3 51. Rxh7 a2 52.
Ra7 a1=Q 53. Rxa1 Kxa1 0-1

[Event "New Zealand Championship 2023"]
[Site "Wellington"]
[Date "2023.01.05"]
[Round "4.21"]
[White "Wang, Aaron Ziwen"]
[Black "Davis, Johnathan"]
[Result "1-0"]
[WhiteElo "1945"]
[BlackElo "1940"]

1. c4 f5 2. d4 Nf6 3. Nc3 g6 4. Nf3 Bg7 5. Bf4 d6 6. g3 O-O 7. Qd2 Ne8 8. Qe3
Nc6 9. O-O-O Nf6 10. h3 a5 11. b3 a4 12. Nxa4 b5 13. cxb5 Nd5 14. Qd2 Nxf4 15.
gxf4 Na7 16. Nc3 c5 17. dxc5 Qa5 18. Na4 1-0

[Event "New Zealand Championship 2023"]
[Site "Wellington"]
[Date "2023.01.06"]
[Round "5.1"]
[White "Cilia Vincenti, David"]
[Black "Smith, Robert W"]
[Result "1/2-1/2"]
[WhiteElo "2136"]
[BlackElo "2283"]

1. c4 {[%clk 01:30:56] [%emt 00:00:02]} 1... Nf6 {[%clk 01:30:48] [%emt
00:00:12]} 2. Nc3 {[%clk 01:31:18] [%emt 00:00:07]} 2... g6 {[%clk 01:30:57]
[%emt 00:00:23]} 3. e4 {[%clk 01:31:40] [%emt 00:00:06]} 3... d6 {[%clk
01:31:23] [%emt 00:00:05]} 4. d4 {[%clk 01:32:02] [%emt 00:00:08]} 4... Bg7
{[%clk 01:31:49] [%emt 00:00:04]} 5. h3 {[%clk 01:32:23] [%emt 00:00:08]} 5...
O-O {[%clk 01:30:20] [%emt 00:01:59]} 6. Be3 {[%clk 01:32:38] [%emt 00:00:15]}
6... c5 {[%clk 01:23:22] [%emt 00:07:30]} 7. d5 {[%clk 01:33:01] [%emt
00:00:06]} 7... e6 {[%clk 01:17:52] [%emt 00:06:00]} 8. Nf3 {[%clk 01:32:23]
[%emt 00:01:07]} 8... exd5 {[%clk 01:18:09] [%emt 00:00:14]} 9. exd5 {[%clk
01:32:37] [%emt 00:00:14]} 9... Re8 {[%clk 01:16:37] [%emt 00:02:03]} 10. Bd3
{[%clk 01:32:44] [%emt 00:00:22]} 10... Na6 {[%clk 01:09:30] [%emt 00:07:39]}
11. O-O {[%clk 01:30:44] [%emt 00:02:29]} 11... Nc7 {[%clk 01:09:36] [%emt
00:00:24]} 12. a4 {[%clk 01:24:48] [%emt 00:06:26]} 12... b6 {[%clk 01:01:18]
[%emt 00:08:48]} 13. Qd2 {[%clk 01:23:15] [%emt 00:02:02]} 13... Qe7 {[%clk
00:45:40] [%emt 00:16:09]} 14. Bh6 {[%clk 01:12:27] [%emt 00:11:17]} 14... Bd7
{[%clk 00:38:10] [%emt 00:08:00]} 15. Bxg7 {[%clk 01:11:35] [%emt 00:01:23]}
15... Kxg7 {[%clk 00:38:36] [%emt 00:00:04]} 16. Rae1 {[%clk 01:08:47] [%emt
00:03:18]} 16... Qf8 {[%clk 00:38:59] [%emt 00:00:07]} 17. Ng5 {[%clk 01:01:29]
[%emt 00:07:48]} 17... Rxe1 {[%clk 00:37:55] [%emt 00:01:34]} 18. Rxe1 {[%clk
01:01:49] [%emt 00:00:09]} 18... Re8 {[%clk 00:37:31] [%emt 00:00:54]} 19. b3
{[%clk 00:59:50] [%emt 00:02:29]} 19... h6 {[%clk 00:33:49] [%emt 00:04:13]}
20. Nge4 {[%clk 00:55:55] [%emt 00:04:24]} 20... Nxe4 {[%clk 00:34:14] [%emt
00:00:06]} 21. Rxe4 {[%clk 00:53:47] [%emt 00:02:37]} 21... Rxe4 {[%clk
00:32:45] [%emt 00:02:00]} 22. Nxe4 {[%clk 00:53:54] [%emt 00:00:23]} 22... Bf5
{[%clk 00:30:34] [%emt 00:02:41]} 23. Qc3+ {[%clk 00:52:02] [%emt 00:02:22]}
23... f6 {[%clk 00:30:44] [%emt 00:00:20]} 24. g4 {[%clk 00:47:15] [%emt
00:05:17]} 24... Bxe4 {[%clk 00:31:08] [%emt 00:00:06]} 25. Bxe4 {[%clk
00:47:38] [%emt 00:00:05]} 25... Qe8 {[%clk 00:29:56] [%emt 00:01:42]} 26. Qd3
{[%clk 00:45:55] [%emt 00:02:20]} 26... Na6 {[%clk 00:27:34] [%emt 00:02:46]}
27. f3 {[%clk 00:39:34] [%emt 00:06:50]} 27... Nb8 {[%clk 00:27:41] [%emt
00:00:24]} 28. Kg2 {[%clk 00:35:37] [%emt 00:04:26]} 28... a5 {[%clk 00:27:04]
[%emt 00:01:08]} 29. h4 {[%clk 00:33:15] [%emt 00:02:52]} 29... Nd7 {[%clk
00:26:38] [%emt 00:00:56]} 30. f4 {[%clk 00:32:25] [%emt 00:01:19]} 30... Nf8
{[%clk 00:21:30] [%emt 00:05:39]} 31. Kf3 {[%clk 00:31:01] [%emt 00:01:53]}
31... Nd7 {[%clk 00:19:04] [%emt 00:02:57]} 32. Qc3 {[%clk 00:30:58] [%emt
00:00:33]} 32... Kg8 {[%clk 00:14:17] [%emt 00:05:16]} 33. Bc2 {[%clk 00:30:13]
[%emt 00:01:16]} 33... Kg7 {[%clk 00:12:59] [%emt 00:01:48]} 34. Qd3 {[%clk
00:28:24] [%emt 00:02:19]} 34... Nf8 {[%clk 00:13:14] [%emt 00:00:16]} 35. g5
{[%clk 00:23:32] [%emt 00:05:21]} 35... hxg5 {[%clk 00:12:06] [%emt 00:01:39]}
36. hxg5 {[%clk 00:23:53] [%emt 00:00:07]} 36... Qe7 {[%clk 00:11:12] [%emt
00:01:26]} 37. Qc3 {[%clk 00:19:01] [%emt 00:05:22]} 37... Kf7 {[%clk 00:11:34]
[%emt 00:00:08]} 38. gxf6 {[%clk 00:09:22] [%emt 00:10:09]} 38... Qxf6 {[%clk
00:11:10] [%emt 00:00:54]} 39. Qxf6+ {[%clk 00:06:07] [%emt 00:03:45]} 39...
Kxf6 {[%clk 00:11:39]} 40. Kg4 {[%clk 00:36:24] [%emt 00:00:13]} 40... Nh7
{[%clk 00:40:06] [%emt 00:02:04]} 41. Bd3 {[%clk 00:36:48] [%emt 00:00:05]}
41... Kg7 {[%clk 00:39:16] [%emt 00:01:21]} 42. Bb1 {[%clk 00:36:24] [%emt
00:00:54]} 42... Kh6 {[%clk 00:38:57] [%emt 00:00:49]} 43. Bd3 {[%clk 00:34:28]
[%emt 00:02:27]} 43... Nf6+ {[%clk 00:39:15] [%emt 00:00:12]} 44. Kh4 {[%clk
00:34:27] [%emt 00:00:29]} 44... Nh7 {[%clk 00:36:58] [%emt 00:02:48]} 45. Kg4
{[%clk 00:34:33] [%emt 00:00:24]} 45... Kg7 {[%clk 00:37:08] [%emt 00:00:21]}
46. Bc2 {[%clk 00:34:34] [%emt 00:00:29]} 46... Kf6 {[%clk 00:37:27] [%emt
00:00:11]} 47. Bd3 {[%clk 00:34:42] [%emt 00:00:22]} 47... Nf8 {[%clk 00:37:23]
[%emt 00:00:34]} 48. Bc2 {[%clk 00:34:24] [%emt 00:00:48]} 48... Nd7 {[%clk
00:37:47] [%emt 00:00:06]} 49. Bd3 {[%clk 00:34:04] [%emt 00:00:49]} 49... Nb8
{[%clk 00:38:15] [%emt 00:00:04]} 50. Bc2 {[%clk 00:34:01] [%emt 00:00:32]}
50... Na6 {[%clk 00:38:41] [%emt 00:00:04]} 51. Bb1 {[%clk 00:34:23] [%emt
00:00:08]} 51... Nb4 {[%clk 00:38:20] [%emt 00:00:51]} 52. Kh4 {[%clk 00:34:34]
[%emt 00:00:18]} 52... Na6 {[%clk 00:38:47] [%emt 00:00:05]} 53. Kg4 {[%clk
00:34:57] [%emt 00:00:07]} 53... Nc7 {[%clk 00:39:12] [%emt 00:00:05]} 54. Bd3
{[%clk 00:35:14] [%emt 00:00:12]} 54... Ne8 {[%clk 00:39:34] [%emt 00:00:08]}
55. Bc2 {[%clk 00:35:05] [%emt 00:00:39]} 55... Ng7 {[%clk 00:38:15] [%emt
00:01:49]} 56. Bd3 {[%clk 00:34:51] [%emt 00:00:43]} 56... Ne8 {[%clk 00:37:48]
[%emt 00:00:58]} 57. Bc2 {[%clk 00:34:59] [%emt 00:00:22]} 57... Nc7 {[%clk
00:38:14] [%emt 00:00:04]} 58. Bd3 {[%clk 00:35:14] [%emt 00:00:14]} 58... Na6
{[%clk 00:38:41] [%emt 00:00:04]} 59. Bb1 {[%clk 00:35:31] [%emt 00:00:13]}
59... Nb8 {[%clk 00:38:56] [%emt 00:00:14]} 60. Bc2 {[%clk 00:35:50] [%emt
00:00:11]} 60... Nd7 {[%clk 00:39:19] [%emt 00:00:09]} 61. Bd3 {[%clk 00:35:59]
[%emt 00:00:21]} 61... Kg7 {[%clk 00:39:00] [%emt 00:00:48]} 62. Kg5 {[%clk
00:35:07] [%emt 00:01:22]} 62... Nf8 {[%clk 00:39:24] [%emt 00:00:06]} 63. Kg4
{[%clk 00:35:04] [%emt 00:00:33]} 63... Nh7 {[%clk 00:39:45] [%emt 00:00:09]}
64. Bc2 {[%clk 00:35:23] [%emt 00:00:11]} 64... Kh6 {[%clk 00:39:56] [%emt
00:00:20]} 65. Bd3 {[%clk 00:35:17] [%emt 00:00:36]} 65... Nf6+ {[%clk
00:32:02] [%emt 00:08:25]} 66. Kh4 {[%clk 00:35:28] [%emt 00:00:17]} 66... Nh5
{[%clk 00:31:07] [%emt 00:01:24]} 67. Kg4 {[%clk 00:35:48] [%emt 00:00:12]}
67... Nf6+ {[%clk 00:30:12] [%emt 00:01:25]} 68. Kh4 {[%clk 00:36:10] [%emt
00:00:08]} 68... Nh7 {[%clk 00:30:34] [%emt 00:00:08]} 69. Kg4 {[%clk 00:36:30]
[%emt 00:00:09]} 69... Kg7 {[%clk 00:30:21] [%emt 00:00:44]} 70. Bc2 {[%clk
00:36:36] [%emt 00:00:25]} 70... Kf6 {[%clk 00:30:42] [%emt 00:00:08]} 71. Bd3
{[%clk 00:36:56] [%emt 00:00:10]} 71... Kg7 {[%clk 00:30:15] [%emt 00:00:57]}
1/2-1/2